Comedias escogidas de Frey Lope Félix de Vega Carpio

Guardado en:
Bibliografiske detaljer
Institution som forfatter: Biblioteca de autores españoles
Format: Bog
Sprog:Undetermined
Udgivet: Madrid, España Rivadeneyra 1860
Fag:
Tags: Tilføj Tag
Ingen Tags, Vær først til at tagge denne postø!

MARC

LEADER 00000nam a2200000Ia 4500
008 170316s9999 xx 000 0 und d
110 |a Biblioteca de autores españoles 
245 |a Comedias escogidas de Frey Lope Félix de Vega Carpio 
260 |a Madrid, España 
260 |b Rivadeneyra 
260 |c 1860 
300 |a 592 páginas Tomo IV (Vol. 52) 
650 |a ENCICLOPEDIAS EN ESPAÑOL 
999 |c 30164  |d 30164 
040 |a cru BVZT 
942 |c 15 D  |2 z